| 000 | 00369nam a2200157Ia 4500 | ||
|---|---|---|---|
| 003 | STCL | ||
| 008 | 181203s9999 xx 000 0 und d | ||
| 020 | _a9781405198790 | ||
| 040 |
_aSTCL _bEN _cSTCL |
||
| 082 | _222 | ||
| 245 | 2 | _aA Companion to Comparative Literature | |
| 260 |
_bWiley Blackwell _aUK _c2011 |
||
| 300 | _a527 | ||
| 546 | _aEnglish | ||
| 942 |
_2ddc _cBK |
||
| 999 |
_c86742 _d86742 |
||